000 00813nam a22002297a 4500
003 OSt
005 20230301112541.0
008 220916b |||||||| |||| 00| 0 eng d
040 _cBiblioteca Lado V
082 _a779.942.092
_bH887d
100 _9766
_aHuertas Oviedo, Felipe
_efotógrafo
245 _aDevota/
260 _aCosta Rica
_bCornu Copia Zine
_c2012
300 _c14x22cm
_a75p.
650 _2Tesauro de Arte & Arquitectura
_aFOTOGRAFIA
_9702
650 _2Tesauro de Arte & Arquitectura
_aPAISAJE URBANO
650 _2Tesauro de Arte & Arquitectura
_aFOTOGRAFIA DE ARTE
650 _2Tesauro de Arte & Arquitectura
_aBLANCO Y NEGRO
650 _2Tesauro de Arte & Arquitectura
_aARTE
700 _aFernandez, Guillermo
_eeditor
942 _2ddc
_c1
_h779.942.092
_iH887d
_n0
999 _c3093
_d3093